000 01036nam a22003137a 4500
003 CHAP
005 20220817042137.0
008 971013s1972 r 00010 d
010 _a35957
011 _a36929
035 _a41048
040 _cCHAP
090 _aFolleto 3977
110 _aOrganización de los Estados Americanos
245 _aEsquema de análisis de los recursos humanos científicotecnológicos
260 _aWashington :
_bOEA,
_c1972
300 _a21 p.
490 _aEstudio sobre el desarrollo científico y tecnológico
_v; 8
590 _aBATCH-UPD
_b10
_c20130110
_lUCH01
_h1705
590 _aBATCH-UPD
_b10
_c20130410
_lUCH01
_h1052
590 _aBATCH-UPD
_b10
_c20130914
_lUCH01
_h1931
590 _aCONVERSION
_b10
_c20130109
_lUCH01
_h1320
650 1 4 _aPolítica científica.
_990459
650 1 4 _aRecursos humanos.
_995137
830 0 _aEstudio sobre el desarrollo científico y tecnológico
_v; 8
_938507
901 _aBK
942 _cFOLL
949 _aFolleto 3977
_bBC
_cFOLL
_d-94005
_eTS1
_i41048
_si
999 _c35957
_d35957